| 000 | 00406nam a2200133 4500 | ||
|---|---|---|---|
| 008 | 160805b xxu||||| |||| 00| 0 eng d | ||
| 020 | _a9780195735598 | ||
| 050 | _aPL 8704 .M6A4 2011 | ||
| 100 | _aMohamed, Said A | ||
| 245 | _aAmri ya wakati | ||
| 260 |
_aNairobi : _bOxford University Press (E.A) Ltd, _c2011. |
||
| 300 |
_a60p. : _c18cm. |
||
| 942 |
_2lcc _cAFRICANA _hPL 8704 .M6A4 2011 |
||
| 999 |
_c12633 _d12633 |
||